Houston Hobby Airport Destinations - Statistics

General Stats
  • This quiz has been taken 122 times
    10 since last reset
  • The average score is 53 of 76
Answer Stats
Hint Airlines Answer % Correct
United States Delta, Southwest Atlanta (GA)
100%
United States Southwest Austin (TX)
100%
United States American Dallas/Fort Worth (DFW) (TX)
100%
United States Southwest, JSX Dallas (Love) (TX)
100%
United States Southwest Las Vegas (NV)
100%
United States Southwest Los Angeles (CA)
100%
United States Southwest Memphis (TN)
100%
United States Southwest Miami (FL)
100%
United States Southwest Oklahoma City (OK)
100%
United States Southwest Orlando (FL)
100%
United States Southwest San Diego (CA)
100%
United States Southwest Baltimore (MD)
88%
United States Southwest Denver (CO)
88%
United States Southwest Jackson (MS)
88%
United States Southwest Kansas City (MO)
88%
United States Southwest Nashville (TN)
88%
United States Southwest New Orleans (LA)
88%
United States Southwest New York City (LaGuardia) (NY)
88%
United States Southwest Phoenix (FL)
88%
United States Southwest Pittsburgh (PA)
88%
United States Southwest Albuquerque (NM)
75%
United States Southwest Birmingham (AL)
75%
Mexico Southwest Cancun (QR)
75%
United States Southwest Chicago (Midway) (IL)
75%
United States Southwest El Paso (TX)
75%
United States Southwest Fort Lauderdale (FL)
75%
United States Southwest Indianapolis (IN)
75%
United States Southwest Jacksonville (FL)
75%
United States Southwest Little Rock (AR)
75%
United States Southwest Louisville (KY)
75%
United States Southwest Lubbock (TX)
75%
United States Sun Country Minneapolis/St. Paul (MN)
75%
United States Southwest Salt Lake City (UT)
75%
United States Southwest San Antonio (TX)
75%
United States Southwest Seattle/Tacoma (WA)
75%
United States Southwest Tampa (FL)
75%
United States Southwest Washington (National) (D.C./VA)
75%
United States Southwest Amarillo (TX)
63%
Belize Southwest Belize City
63%
United States Southwest Charleston (SC)
63%
United States Southwest Colorado Springs (CO)
63%
United States Southwest Columbus (OH)
63%
United States Southwest Corpus Christi (TX)
63%
United States Allegiant Des Moines (IA)
63%
United States Southwest Destin/Fort Walton Beach (FL)
63%
United States Allegiant Knoxville (TN)
63%
Costa Rica Southwest Liberia (GU)
63%
United States Southwest Long Beach (CA)
63%
United States Southwest Midland/Odessa (TX)
63%
Jamaica Southwest Montego Bay
63%
United States Southwest Oakland (CA)
63%
United States Southwest Omaha (NE)
63%
Untied States Southwest Raleigh/Durham (NC)
63%
United States Southwest San Jose (CA)
63%
Mexico Southwest San Jose del Cabo (BCS)
63%
Costa Rica Southwest San Jose (SJ)
63%
United States Southwest St. Louis (MO)
63%
United States Southwest Tucson (AZ)
63%
United States Southwest Tulsa (OK)
63%
United States Allegiant Asheville (NC)
50%
United States Southwest Greenville (SC)
50%
United States Southwest Harlingen (TX)
50%
United States Avelo New Haven (CT)
50%
United States Southwest Panama City (FL)
50%
United States Southwest Pensacola (FL)
50%
Mexico Southwest Puerto Vallarta (JA)
50%
Dominican Republic Southwest Punta Cana
50%
United States Southwest Sacramento (CA)
50%
United States Southwest Savannah (GA)
50%
United States Allegiant Gulf Shores (AL)
38%
United States Southwest Myrtle Beach (SC)
38%
United States Southwest Ontario (CA)
38%
United States Southwest San Juan (P.R.)
38%
United States Southwest Sarasota (FL)
38%
United States Allegiant Provo (UT)
25%
United States Avelo Wilmington (NC)
25%
No matching quizzes found
Score Distribution
Percent of People with Each Score
Percentile by Number Answered
Your Score History
You have not taken this quiz since the last reset